<?xml version="1.0" encoding="UTF-8"?>
<record
    xmlns:xsi="http://www.w3.org/2001/XMLSchema-instance"
    xsi:schemaLocation="http://www.loc.gov/MARC21/slim http://www.loc.gov/standards/marcxml/schema/MARC21slim.xsd"
    xmlns="http://www.loc.gov/MARC21/slim">

  <leader>02361cam a2200337 a 4500</leader>
  <controlfield tag="001">14386611</controlfield>
  <controlfield tag="005">20070516100047.0</controlfield>
  <controlfield tag="008">060523s2005    xx a     b    100 0 eng d</controlfield>
  <datafield tag="010" ind1=" " ind2=" ">
    <subfield code="a">  2006309797</subfield>
  </datafield>
  <datafield tag="020" ind1=" " ind2=" ">
    <subfield code="a">9774160339</subfield>
  </datafield>
  <datafield tag="035" ind1=" " ind2=" ">
    <subfield code="a">(CStRLIN)PATGB29746152-B</subfield>
  </datafield>
  <datafield tag="035" ind1=" " ind2=" ">
    <subfield code="a">(PPT)b29746152</subfield>
  </datafield>
  <datafield tag="040" ind1=" " ind2=" ">
    <subfield code="a">UUM</subfield>
    <subfield code="c">UUM</subfield>
    <subfield code="d">PPT</subfield>
    <subfield code="d">DLC</subfield>
  </datafield>
  <datafield tag="042" ind1=" " ind2=" ">
    <subfield code="a">lccopycat</subfield>
    <subfield code="a">lcode</subfield>
  </datafield>
  <datafield tag="043" ind1=" " ind2=" ">
    <subfield code="a">ma-----</subfield>
  </datafield>
  <datafield tag="050" ind1="0" ind2="0">
    <subfield code="a">HQ1240.5.A65</subfield>
    <subfield code="b">A73 2005</subfield>
  </datafield>
  <datafield tag="082" ind1=" " ind2=" ">
    <subfield code="a">338.9</subfield>
    <subfield code="b">ARA</subfield>
  </datafield>
  <datafield tag="245" ind1="0" ind2="0">
    <subfield code="a">Arab women and economic development :</subfield>
    <subfield code="b">Papers presented at a seminar held in Kuwait, 20-21 October, 2003 /</subfield>
    <subfield code="c">Edited by Heba Handoussa.</subfield>
  </datafield>
  <datafield tag="260" ind1=" " ind2=" ">
    <subfield code="a">Egypt :</subfield>
    <subfield code="b">The American University in Cairo press,</subfield>
    <subfield code="c">c2005.</subfield>
  </datafield>
  <datafield tag="300" ind1=" " ind2=" ">
    <subfield code="a">vi, 196 p. :</subfield>
    <subfield code="b">ill. ;</subfield>
    <subfield code="c">24 cm.</subfield>
  </datafield>
  <datafield tag="504" ind1=" " ind2=" ">
    <subfield code="a">Includes bibliographical references.</subfield>
  </datafield>
  <datafield tag="505" ind1="0" ind2=" ">
    <subfield code="a">Inaugural speeches / Abdelatif Al-Hamad, Jassim Al-Mannai, Ahmed Benbitour -- the basic issues / Heba Handoussa -- The effects of fiscal policies on the economic development of women in the Middle East and North Africa / Nicole Laframboise and Tea Trumbic -- Women entrepreneurs in the Middle East and North Africa : building on solid beginnings / Nadereh Chamlou and Reem Kattaneh Yared -- The role of Arab non-governmental organizations as a development vehicle / Farida Aboul-Kasem Al-Allaghi -- Gender and globalization : human rights, property relations, and economic oppoortunities / Faiza Benhadid -- Economic reform policies and their effect on the status of women in Arab countries / Maisa Sabh -- The mismatch between educational achievement and the Arab labour market with a gender perspective / The Arab Fund for Economic and Social Development -- Discussion and comments -- Rapporteur's report / Heba Handoussa -- Concluding statement / Mervat Badawi.</subfield>
  </datafield>
  <datafield tag="650" ind1=" " ind2="0">
    <subfield code="a">Women in development</subfield>
    <subfield code="z">Arab countries</subfield>
    <subfield code="v">Congresses.</subfield>
    <subfield code="9">6959</subfield>
  </datafield>
  <datafield tag="650" ind1=" " ind2="0">
    <subfield code="a">Women, Arab</subfield>
    <subfield code="v">Congresses.</subfield>
    <subfield code="9">6960</subfield>
  </datafield>
  <datafield tag="700" ind1="1" ind2=" ">
    <subfield code="a">Handoussa, Heba Ahmad.</subfield>
    <subfield code="9">6961</subfield>
  </datafield>
  <datafield tag="710" ind1="2" ind2=" ">
    <subfield code="a">Arab Fund for Economic and Social Development.</subfield>
    <subfield code="9">6962</subfield>
  </datafield>
  <datafield tag="856" ind1="4" ind2="1">
    <subfield code="3">Table of contents only</subfield>
    <subfield code="u">http://www.loc.gov/catdir/toc/fy0710/2006309797.html</subfield>
  </datafield>
  <datafield tag="942" ind1=" " ind2=" ">
    <subfield code="2">ddc</subfield>
    <subfield code="c">BB</subfield>
  </datafield>
  <datafield tag="999" ind1=" " ind2=" ">
    <subfield code="c">12039</subfield>
    <subfield code="d">12039</subfield>
  </datafield>
  <datafield tag="952" ind1=" " ind2=" ">
    <subfield code="0">0</subfield>
    <subfield code="1">0</subfield>
    <subfield code="2">ddc</subfield>
    <subfield code="4">0</subfield>
    <subfield code="7">0</subfield>
    <subfield code="8">AUC</subfield>
    <subfield code="a">MAIN</subfield>
    <subfield code="b">MAIN</subfield>
    <subfield code="c">1ST</subfield>
    <subfield code="d">2009-06-25</subfield>
    <subfield code="e">purchase</subfield>
    <subfield code="g">40.00</subfield>
    <subfield code="h">4122</subfield>
    <subfield code="l">5</subfield>
    <subfield code="m">2</subfield>
    <subfield code="o">338.9 ARA</subfield>
    <subfield code="p">000016960</subfield>
    <subfield code="r">2025-07-15 00:00:00</subfield>
    <subfield code="s">2016-03-06</subfield>
    <subfield code="y">BB</subfield>
  </datafield>
</record>
